| Tag |
First Indicator |
Second Indicator |
Subfields |
| LEADER |
00000cam a2200000 4500 |
| 001 |
in00000272178 |
| 005 |
20151010062905.0 |
| 008 |
750627s1962 ilua b 01000 eng |
| 010 |
|
|
|a 62013921
|
| 035 |
|
|
|a (OCoLC)01416301
|
| 035 |
|
|
|9 ABD8526AM
|
| 040 |
|
|
|c MCL
|d TXA
|d UtOrBLW
|
| 049 |
|
|
|a TXAM
|c [478882]
|
| 050 |
|
0 |
|a R852
|b .O5 1962
|
| 082 |
0 |
|
|a 619
|
| 245 |
0 |
0 |
|a On cancer and hormones ;
|b essays in experimental biology /
|c Contributors: Alexander Haddow [and others.
|
| 264 |
|
1 |
|a Chicago] :
|b University of Chicago Press,
|c [1962]
|
| 300 |
|
|
|a 346 pages :
|b illustrations ;
|c 24 cm.
|
| 336 |
|
|
|a text
|b txt
|2 rdacontent
|
| 337 |
|
|
|a unmediated
|b n
|2 rdamedia
|
| 338 |
|
|
|a volume
|b nc
|2 rdacarrier
|
| 500 |
|
|
|a "Dedicated to Charles Huggins on the occasion of his sixtieth birthday as a tribute from his pupils, colleagues, and friends, Septmber 22, 1961. "
|
| 504 |
|
|
|a Includes bibliographies.
|
| 600 |
1 |
0 |
|a Huggins, Charles,
|d 1901-1997.
|
| 650 |
|
0 |
|a Biology, Experimental.
|
| 650 |
|
0 |
|a Medicine, Experimental.
|
| 650 |
|
0 |
|a Cancer.
|
| 650 |
|
0 |
|a Hormones.
|
| 700 |
1 |
|
|a Haddow, ALexander,
|d 1907-
|
| 999 |
|
|
|a MARS
|
| 999 |
f |
f |
|s e2d57a3d-0f0c-3a2b-b295-af2ea8bd53f0
|i 9da99d66-fe2e-3333-8515-d60d0cb276c5
|t 0
|
| 952 |
f |
f |
|p ric
|a Texas A&M University
|b Rellis Campus
|c Joint Library Facility
|d Remote Storage
|t 0
|e R852 .O5 1962
|h Library of Congress classification
|i unmediated -- volume
|m A14805060337
|
| 998 |
f |
f |
|a R852 .O5 1962
|t 0
|l Remote Storage
|